Creative thinking, problem solving and decision making / (Record no. 1704)
[ view plain ]
| 000 -LEADER | |
|---|---|
| fixed length control field | 00642cam a2200193 4500 |
| 001 - CONTROL NUMBER | |
| control field | 2160 |
| 005 - DATE AND TIME OF LATEST TRANSACTION | |
| control field | 20181127164651.0 |
| 008 - FIXED-LENGTH DATA ELEMENTS--GENERAL INFORMATION | |
| fixed length control field | 010510s2001 paua b 001 0 eng d |
| 010 ## - LIBRARY OF CONGRESS CONTROL NUMBER | |
| LC control number | 2001419396 |
| 020 ## - INTERNATIONAL STANDARD BOOK NUMBER | |
| International Standard Book Number | 1888603038 |
| 100 1# - MAIN ENTRY--PERSONAL NAME | |
| Personal name | Saaty, Thomas L. |
| 245 10 - TITLE STATEMENT | |
| Title | Creative thinking, problem solving and decision making / |
| Statement of responsibility, etc. | Thomas L. Saaty. |
| 260 ## - PUBLICATION, DISTRIBUTION, ETC. | |
| Place of publication, distribution, etc. | Pittsburgh, PA : |
| Name of publisher, distributor, etc. | RWS Publications, |
| Date of publication, distribution, etc. | c2001. |
| 300 ## - PHYSICAL DESCRIPTION | |
| Extent | x, 267 p. : |
| Other physical details | ill. ; |
| Dimensions | 29 cm. + |
| Accompanying material | 1 computer optical disk. |
| 504 ## - BIBLIOGRAPHY, ETC. NOTE | |
| Bibliography, etc. note | Includes bibliographical references (p. 255-262) and index. |
| 650 #0 - SUBJECT ADDED ENTRY--TOPICAL TERM | |
| Topical term or geographic name entry element | Creative ability. |
| Topical term or geographic name entry element | Creative thinking. |
| Topical term or geographic name entry element | Problem solving. |
| Withdrawn status | Lost status | Source of classification or shelving scheme | Damaged status | Not for loan | Collection code | Home library | Current library | Shelving location | Serial Enumeration / chronology | Inventory number | Total Checkouts | Full call number | Barcode | Date last seen | Price effective from | Koha item type |
|---|---|---|---|---|---|---|---|---|---|---|---|---|---|---|---|---|
| Dewey Decimal Classification | Main TEST | RTC Library | RTC Library | Main opac | 448 | 658.403 SAA | 30002840 | 27/11/2018 | 27/11/2018 | Main |